| 000 | 00731nam a22002777a 4500 | ||
|---|---|---|---|
| 003 | dela salle | ||
| 005 | 20140310182915.0 | ||
| 008 | 130129t xxu||||| |||| 00| 0 eng d | ||
| 020 | _a9712345241 | ||
| 050 |
_aGV1589 _b .J61 2006 |
||
| 082 |
_aFIL 793.3 _bJ36 2006 |
||
| 245 |
_aDance your way to fitness : _cJimena, Edgar C. _ba textbook in college P.E. 2 |
||
| 250 | _a1st ed. | ||
| 260 |
_aManila _bRex Book Store _c2006 |
||
| 300 |
_aviii, 105 p. : _c26 cm. _b ill. |
||
| 521 | _acollege students | ||
| 526 | _c1210L-1700L | ||
| 541 | _j1 | ||
| 541 | _j2 | ||
| 541 | _j3 | ||
| 541 | _j4 | ||
| 541 | _j5 | ||
| 541 | _j6 | ||
| 562 | _e6 | ||
| 942 |
_2lcc _cBK _kFIL |
||
| 999 |
_c17283 _d17283 |
||